000 01265nam0a2200373 4500
001 RU\NLR\bibl\338903
005 20250621150831.0
010 _a5-94371-134-1
_98000
021 _aRU
_b2002-40763
_91984
035 _a(NLR Aleph) 000333789
090 _a173425
_c173425
100 _a20021104d2002 |||y0rusy50 ca
101 0 _arus
102 _aRU
105 _aa |||||||||
200 1 _aЛечебные настрои и программы для исцеления души и тела
_fПетр Юнацкевич
210 _aСПб.
_cНев. проспект
_d2002
215 _a155 с.
_cил.
_d21
225 1 _aСерия "Истоки здоровья"
606 0 _aАутогенная тренировка
_91053120
_3RU\NLR\auth\6689255
610 0 _aЗдоровый образ жизни
610 0 _aАутогенная тренировка
675 _a615.851.111
_v3
_zrus
686 _a76.29
_2rugasnti
686 _a53.57
_2rubbk
686 _aР357.112
700 1 _aЮнацкевич
_bП. И.
_gПетр Иванович
_4070
801 0 _aRU
_bRKP
_c20021104
_gPSBO
801 1 _aRU
_bRKP
_c20021104
801 2 _aRU
_bNLR
_c20030105
_grcr
830 _aАвт. по кн.
942 _cBOOK
980 _aNB